| 000 | 02236nam a2200469Ia 4500 | ||
|---|---|---|---|
| 001 | dia_7328 | ||
| 003 | CHAP | ||
| 005 | 20240829131551.0 | ||
| 007 | ta | ||
| 008 | 220117s2018 mx abdofr 001 0 spa d | ||
| 040 |
_cCHAP _amxchpua |
||
| 090 |
_aT.C.764 _bP66 EIUPA _c2018 |
||
| 245 | 1 | 0 |
_aEstudio integral de una unidad de producción agroindustrial en la Habana, Cuba (UEB Habana: FitoMas ) / _ccoordinadores Pedro Ponce Hernández y Ofelia Sandoval Castilla ; colaboradores Fabiola Aguilar Aguilar...[et al.] |
| 260 |
_aMéxico : _bEl autor, _c2018 |
||
| 300 |
_acerca 100 hojas : _bilustraciones, mapas, gráficas, diagramas, tablas, fotos + _e1 CD-ROM |
||
| 336 |
_2rdacontent _atexto _btxt |
||
| 337 |
_2rdamedia _ano mediado _bn |
||
| 338 |
_2rdacarrier _avolumen _bnc |
||
| 500 | _a7° año -- El CD contiene reporte y planos | ||
| 502 |
_aViaje de Estudios _b(EIUPA) -- _cUACh. Departamento de Ingeniería Agroindustrial, _d2018 |
||
| 504 | _aIncluye bibliografía | ||
| 505 | _a3 planos -- 1. Diagrama de recorrido propuesto (Esc. 1:175) -- 2. Diagrama de recorrido (Esc. 1:175) - 3. Plano de distribución de áreas (Esc. 1:175) | ||
| 650 | 1 | 3 | _aCaña de Azúcar |
| 650 | 1 | 3 |
_aIndustria azucarera _957784 _zCuba |
| 650 | 1 | 0 |
_aSugarcane _9152878 |
| 650 | 1 | 3 |
_aSugar industry _9162970 _zCuba |
| 700 | 1 |
_aPonce Hernández, Pedro _9147918 _ecoordinador |
|
| 700 | 1 |
_aSandoval Castilla, Ofelia _9151810 _ecoordinadora |
|
| 700 | 1 |
_aAguilar Aguilar, Fabiola _9137125 _ecolaboradora |
|
| 856 | 4 | 1 |
_uhttp://10.13.5.2/ve/TC764EIUPA/TC764EIUPA2018-PLANO-DIAGRAMADERECORRIDOPROPUESTO.pdf _yDESCARGAR DIAGRAMA DE RECORRIDO PROPUESTO |
| 856 | 4 | 1 |
_uhttp://10.13.5.2/ve/TC764EIUPA/TC764EIUPA2018-PLANO-DIAGRAMADERECORRIDO.pdf _yDESCARGAR DIAGRAMA DE RECORRIDO |
| 856 | 4 | 1 |
_uhttp://10.13.5.2/ve/TC764EIUPA/TC764-EIUPA2018-PLANO-DISTRIBUCIONDEAREAS.pdf _yDESCARGAR PLANO DE DISTRIBUCIÓN DE ÁREAS |
| 856 | 4 | 1 |
_uhttp://10.13.5.2/ve/TC764EIUPA/TC764EIUPA2018-REPORTE.pdf _yDESCARGAR REPORTE |
| 901 | _aT.C.764 P66 EIUPA 2018 | ||
| 902 | _aM | ||
| 905 | _a5232272018 mx nmel8223123322spa16 | ||
| 942 | _2local | ||
| 942 | _cVE | ||
| 999 |
_c178534 _d178534 |
||